MARC

LEADER 00000nas a2200000 a 4500
001 ssj0013073
003 WaSeSS
005 20200512172242.0
006 m d
007 cr n
008 910808c19919999enktr p s o 0 0eng c
010 |a  91658653   |z sn 91027979  
015 |a GB9204022  |2 bnb 
016 7 |a 016160096  |2 DE-101 
016 7 |a 1085252-9  |2 DE-600 
016 7 |a 012477198  |2 Uk 
022 |a 1474-0540  |l 0959-7743  |y 0959-7743 
024 8 |a 02028115 
035 |a (WaSeSS)ssj0013073 
037 |b Cambridge University Press, 40 West 20th St., New York, NY 10011-4211 
040 |a COD  |b eng  |c COD  |d HUL  |d DLC  |d HUL  |d COO  |d NST  |d DLC  |d NST  |d DLC  |d WAU  |d GUA  |d SYS  |d OCL  |d CUS  |d OCLCQ  |d NLGGC  |d DLC  |d GUA  |d OCLCQ  |d HEBIS  |d GEBAY  |d GBVCP  |d DEBBG  |d UKMGB  |d OCLCO  |d OCLCQ  |d OCLCF  |d OCLCO  |d EUW  |d OCLCO  |d OL$  |d TYC  |d CUS  |d OCLCQ  |d L2U  |d WaSeSS 
042 |a pcc 
050 0 0 |a CC1  |b .C35 
082 0 0 |a 930.1/05  |2 20 
245 0 0 |a Cambridge archaeological journal  |h [electronic resource]. 
260 |a Cambridge :  |b Cambridge University Press,  |c 1991- 
310 |a Three times a year,  |b 2006- 
321 |a Semiannual,  |b 1991-2005 
362 0 |a Vol. 1, no. 1 (Apr. 1991)- 
500 |a Title from cover. 
506 |a License restrictions may limit access. 
550 |a Published on behalf of The McDonald Institute for Archaeological Research, University of Cambridge. 
588 |a Latest issue consulted: Vol. 16, no. 2 (June 2006). 
650 0 |a Archaeology  |v Periodicals. 
650 7 |a 15.30 archaeology: general.  |0 (NL-LeOCL)077599454  |2 bcl 
650 7 |a Archaeology.  |2 fast  |0 (OCoLC)fst00812938 
650 0 7 |a Archäologie.  |0 (DE-588)4002827-6  |2 gnd 
650 0 7 |a Vor- und Frühgeschichte.  |0 (DE-588)4078951-2  |2 gnd 
650 0 7 |a Zeitschrift.  |0 (DE-588)4067488-5  |2 gnd 
650 1 7 |a Archeologie.  |2 gtt 
650 0 7 |a Archäologie.  |2 swd 
650 0 7 |a Zeitschrift.  |2 swd 
655 0 |a Electronic journals. 
710 2 |a McDonald Institute for Archaeological Research. 
850 |a CoU  |a DLC  |a GU  |a ICU  |a InLP  |a MH-P  |a NIC  |a NN  |a NNC  |a NcD  |a NcU  |a OCU  |a PU  |a TxHR 
853 2 0 |8 1  |a v.  |b no.  |u 2  |v r  |i (year)  |j (month)  |w f  |x 04  |y pm04,10 
853 2 0 |8 2  |a v.  |b no.  |u 3  |v r  |i (year)  |j (month)  |w t  |x 02  |y pm02,06,10 
856 4 0 |z Full text available from Research Library: 04/01/2001 to 1 year ago  |u https://search.proquest.com/publication/13203 
863 4 1 |8 1.1  |a <15>  |b <1>  |i <2005>  |j <04> 
863 4 1 |8 2.1  |a 16  |b 1  |i 2006  |j 02